1475 1553 1072 1930 1877 1581 1089 1195 1230 1252 1432 1039 1246 1695 1242 1556 1068 1647 1733 1068 1778 1970 1230 1253 1964 1810 1199 1590 1260 1121 1343 1219 1787 1552 1442 1128 1271 1088 1262 1962 1847 1621 1620 1492 1496 1383 1290 1250 1468 1596 1423 1130 1823 1195 1560 1309 1928 1454 1140 1428 1559 1475 1413 1927 1527 1792 1247 1644 1141 1153 1996 1108 1393 1471 1508 1170 1709 1917 1370 1002 1365 1848 1716 1683 1331 1559 1299 1250 1230 1226 1619 1805 1041 1449 1564 1310 1246 1543 1650 BCNSPRNW ULIB Ver.6.0+V

เปลี่ยนเป็นภาษาไทย

Change to English
 แสดงรายละเอียดบรรณานุกรม
  กลับหน้าหลัก

Brief Record : Get Marc (ISO 2709) : E-mail record : QR code < ปิดหน้าต่าง
LEADER : 00000nam 2200000uu 4500
001    13399120266
003     ULIB
008    120918sมปป.||||th 000 0 tha d
020    ^a9786165311236
060  4 ^aQV766^bก351ย มปป.
110 1  ^aแบงค์คอกบุ๊คส์
245 00 ^aย่านาง:คลังยารักษาสรรพโรค/^cบรรหาร ทินประบุตร,บรรณาธิการ
260    ^aกรุงเทพฯ:^bแบงค์คอกบุ๊คส์,^cมปป.
300    ^a63 หน้า:^bภาพประกอบ
650  7 ^aย่านาง
650  7 ^aสมุนไพร
945    ^p59^l0^i17835
995    ^aกัณชพร
999 ^a ใช้งานได้ทุกระบบ
รายการนี้ยังไม่มีแท็ก
คุณยังไม่ได้ล็อกอิน คุณสามารถมีกิจกรรมร่วมกับเว็บไซต์ได้ แต่ต้องล็อกอินก่อน ::
  ล็อกอิน

รายการสื่อสารสนเทศ

ลำดับที่ ประเภท เลขเรียก/บาร์โค้ด สถานที่ สถานะ
1. วิทยาศาสตร์การแพทย์ และสุขภาพ
วิทยาศาสตร์การแพทย์ และสุขภาพ
สถานะ=หนังสือเก่า
QV766 ก351ย มปป.  
  Barcode: 17835
ห้องสมุดวิทยาเขตนครสวรรค์
►ส่วนจัดเก็บหนังสือเก่า นว.
บนชั้น
  ขอยืม

รายการใกล้เคียง
    หัวเรื่อง [ย่านาง]
    หัวเรื่อง [สมุนไพร]

BibComment


ยังไม่เคยถูกคอมเมนท์

คอมเมนท์ทรัพยากรรายการนี้
  คอมเมนท์: ย่านางคลังยารักษ..


 Copyright 2026. Bcnsprnw @Library